| 000 | 00950nam a2200181 a 4500 | ||
|---|---|---|---|
| 008 | 120416s1947 xx |||||||||||||| || u | ||
| 050 | _aTH 145 Gib | ||
| 100 | _aGibbins, S. C | ||
| 245 | 1 | 0 | _aBuilding science, book 1 |
| 246 | _aa course of experimental science for junior building students | ||
| 260 | _c1947 | ||
| 350 | _a0.00 | ||
| 700 | _aDrury, F. E | ||
| 995 |
_aBINDERY (DAMAGED) _D0.00 _e015026 _FCBU-MAIN LIBRARY (Kitwe) _H1 _I1.60 _jTH 145 Gib _UDAMAGED _y015026 _ZMain Library Open Access Collection |
||
| 995 |
_aBINDERY (DAMAGED) _D0.00 _e015024 _FCBU-MAIN LIBRARY (Kitwe) _H2 _I1.60 _jTH 145 Gib _UDAMAGED _y015024 _ZMain Library Open Access Collection |
||
| 995 |
_aBINDERY (DAMAGED) _D0.00 _e718117 _FCBU-MAIN LIBRARY (Kitwe) _H3 _I1.60 _jTH 145 Gib _UDAMAGED _y015025 _ZMain Library Open Access Collection |
||
| 995 |
_aBINDERY (DAMAGED) _D0.00 _e015027 _FCBU-MAIN LIBRARY (Kitwe) _H4 _I1.60 _jTH 145 Gib _UDAMAGED _y015027 _ZMain Library Open Access Collection |
||
| 999 |
_c77826 _d77826 |
||